Italian Literature - Statistics

General Stats
  • This quiz has been taken 527 times
  • The average score is 13 of 36
Answer Stats
Work Author % Correct
La Divina Commedia - Divine Comedy Dante Alighieri
99%
Il Principe - The Prince Niccolò Machiavelli
86%
Decameron Giovanni Boccaccio
74%
Canzoniere - Fragments of Vernacular Matters Francesco Petrarca
52%
I promessi sposi - The Betrothed Alessandro Manzoni
50%
Il barone rampante - The Baron in the Trees Italo Calvino
50%
Il Milione - Book of the Marvels of the World Marco Polo
50%
Se questo è un uomo - If This Is a Man Primo Levi
50%
Dialogo sopra i due massimi sistemi del mondo - Dialogue Concerning the Two Chief World Systems Galileo Galilei
48%
Orlando Furioso - The Frenzy of Orlando Ludovico Ariosto
48%
Pinocchio - The Adventures of Pinocchio Carlo Collodi
47%
Uno, nessuno e centomila - One, No One and One Hundred Thousand Luigi Pirandello
44%
Gerusalemme Liberata - The liberation of Jerusalem Torquato Tasso
44%
I Malavoglia - The House by the Medlar-Tree Giovanni Verga
43%
Il Piacere - The Child of Pleasure Gabriele d'Annunzio
41%
Operette morali - Small Moral Works Giacomo Leopardi
41%
La coscienza di Zeno - Zeno's Conscience Italo Svevo
41%
La locandiera - The Mistress of the Inn Carlo Goldoni
39%
Ultime lettere di Jacopo Ortis - The Last Letters of Jacopo Ortis Ugo Foscolo
39%
Ossi di seppia - Cuttlefish Bones Eugenio Montale
38%
Myricae Giovanni Pascoli
36%
Cuore - Heart Edmondo de Amicis
29%
Allegria di naufragi - Merriness of Shipwrecks Giuseppe Ungaretti
28%
Odi barbare Giosuè Carducci
27%
Il giorno - The Day Giuseppe Parini
24%
La Storia - History Elsa Morante
22%
Innamoramento de Orlando - Orlando in Love Matteo Maria Boiardo
21%
Saul Vittorio Alfieri
19%
Il mestiere di vivere - The Business of Living Cesare Pavese
18%
Canne al vento - Reeds in the wind Grazia Deledda
18%
Acque e terre - Waters and Earths Salvatore Quasimodo
14%
Adone - Adonis Giambattista Marino
13%
Morgante Luigi Pulci
13%
Il Galateo - Galateo: The Rules of Polite Behavior Giovanni della Casa
12%
Gli Asolani Pietro Bembo
6%
Arcadia Jacopo Sannazaro
5%
No matching quizzes found
Score Distribution
Percent of People with Each Score
Percentile by Number Answered
Your Score History
You have not taken this quiz